|
|
|
|
| LEADER |
01372nam a2200397 a 4500 |
| 001 |
000558120 |
| 003 |
CZ BrMZK |
| 005 |
20160303164541.0 |
| 007 |
ta |
| 008 |
000115s2000 xr e cze d |
| 015 |
|
|
|a cnb000889084
|
| 020 |
|
|
|a 80-246-0182-6
|
| 035 |
|
|
|a (OCoLC)50601936
|
| 040 |
|
|
|a BOA001
|b cze
|
| 072 |
|
7 |
|a 32
|x Politika
|2 Konspekt
|9 15
|
| 080 |
|
|
|a 316.772.4:32
|2 MRF
|
| 080 |
|
|
|a 316.772.4
|2 MRF
|
| 080 |
|
|
|a 659.3
|2 MRF
|
| 080 |
|
|
|a 316.774
|2 MRF
|
| 080 |
|
|
|a 32
|2 MRF
|
| 080 |
|
|
|a (062.552)
|2 MRF
|
| 100 |
1 |
|
|a Jirák, Jan,
|d 1958-
|7 jn20000401248
|
| 245 |
1 |
0 |
|a Politická komunikace a média /
|c sestavili: Jan Jirák, Blanka Říchová
|
| 250 |
|
|
|a Vyd. 1.
|
| 260 |
|
|
|a Praha :
|b Karolinum,
|c 2000
|
| 300 |
|
|
|a 163 s. ;
|c 21 cm
|
| 500 |
|
|
|a Vydavatel: Univerzita Karlova v Praze
|
| 650 |
0 |
7 |
|a politická komunikace
|7 ph136837
|2 czenas
|
| 650 |
0 |
7 |
|a masová komunikace
|7 ph115235
|2 czenas
|
| 650 |
0 |
7 |
|a masmédia
|7 ph115233
|x politické aspekty
|2 czenas
|
| 655 |
|
7 |
|a sborníky
|7 fd163935
|2 czenas
|
| 700 |
1 |
|
|a Říchová, Blanka,
|d 1958-
|7 jn20001227271
|
| 856 |
4 |
1 |
|u http://www.digitalniknihovna.cz/mzk/uuid/uuid:232f0580-1bcc-11e4-8f64-005056827e52
|y Digitalizovaný dokument
|x NDK
|
| 910 |
|
|
|a BOA001
|b 2-1084.454
|
| 990 |
|
|
|a BK
|
| 996 |
6 |
|
|b 2610133735
|c 2-1084.454
|l MZK
|r Sklad / do 1 hodiny
|n 34
|p p.v.
|w 000558120
|u 000010
|a 1
|e BOA001
|j MZK50
|s P
|